[Event "Campeonato del Mundo sub-18 Femenino"]
[Site "Kemer TUR"]
[Date "2009.11.20"]
[Round "9.19"]
[White "Guadamuro Torrente, Anabel"]
[Black "Bakhtiyarly, Aysel Anvar Qizi"]
[Result "1-0"]
[WhiteElo "2116"]
[BlackElo "2042"]
[PlyCount "71"]
[EventDate "2009.11.11"]
[EventType "swiss"]
[EventRounds "11"]
[EventCountry "TUR"]
[Source "lmi"]
[SourceDate "2009.11.11"]

1. e4 c5 2. Nf3 d6 3. d4 cxd4 4. Nxd4 Nf6 5. Nc3 a6 6. h3 e5 7. Nde2 b5 8. g4
Bb7 9. Bg2 b4 10. Nd5 Nxd5 11. exd5 Be7 12. Ng3 O-O 13. O-O Nd7 14. f4 Qb6+ 15.
Kh2 Rac8 16. Nf5 Rfe8 17. fxe5 Nxe5 18. Bf4 Bf8 19. b3 a5 20. Qd2 Qc5 21. Rf2
Ra8 22. Re1 Ng6 23. Be3 Qb5 24. Ref1 Qd7 25. c4 bxc3 26. Qxc3 a4 27. Bd4 Ne5
28. Ne3 Rac8 29. Qd2 Ba6 30. Re1 axb3 31. axb3 Qb7 32. Ra1 g6 33. Rf6 Rcd8 34.
Qa5 Bg7 35. Bxe5 Rxe5 36. Qxd8+ 1-0

[Event "Campeonato del Mundo sub-18 Femenino"]
[Site "Kemer TUR"]
[Date "2009.11.20"]
[Round "9.20"]
[White "Alpysbayeva, Aigerim"]
[Black "Ni, Viktorija"]
[Result "1/2-1/2"]
[WhiteElo "1972"]
[BlackElo "2181"]
[PlyCount "88"]
[EventDate "2009.11.11"]
[EventType "swiss"]
[EventRounds "11"]
[EventCountry "TUR"]
[Source "lmi"]
[SourceDate "2009.11.11"]

1. Nf3 Nf6 2. c4 g6 3. g3 Bg7 4. Bg2 d6 5. d4 O-O 6. O-O a6 7. Nc3 Nc6 8. e4
Bd7 9. Bf4 Rb8 10. a4 Nh5 11. e5 Bg4 12. Re1 dxe5 13. dxe5 Qc8 14. Qc1 Nxf4 15.
Qxf4 h6 16. Nd5 g5 17. Nxg5 hxg5 18. Qxg5 Qf5 19. Qxe7 Nxe7 20. Nxe7+ Kh8 21.
Nxf5 Bxf5 22. b4 Rfd8 23. Bd5 Bg6 24. b5 Rdc8 25. f4 c6 26. Be4 Bxe4 27. Rxe4
axb5 28. axb5 cxb5 29. cxb5 Rc5 30. Rb1 Rd8 31. Re2 Kg8 32. Kg2 Kf8 33. Kf3
Rdd5 34. Kg4 Rxb5 35. Rxb5 Rxb5 36. h4 f6 37. e6 f5+ 38. Kg5 Ke7 39. h5 Bf6+
40. Kg6 Rb3 41. Kxf5 Rb5+ 42. Kg6 Rb6 43. Kf5 Rb5+ 44. Kg6 Rb6 1/2-1/2

[Event "Campeonato del Mundo sub-18 Femenino"]
[Site "Kemer TUR"]
[Date "2009.11.20"]
[Round "9.21"]
[White "Deur, Zrinka"]
[Black "Ibragimova, Iroda"]
[Result "1-0"]
[WhiteElo "2089"]
[BlackElo "1917"]
[PlyCount "90"]
[EventDate "2009.11.11"]
[EventType "swiss"]
[EventRounds "11"]
[EventCountry "TUR"]
[Source "lmi"]
[SourceDate "2009.11.11"]

1. e4 e6 2. d4 d5 3. Nc3 Bb4 4. e5 c5 5. a3 Bxc3+ 6. bxc3 Qc7 7. Bd2 Ne7 8. h4
Nbc6 9. Qg4 cxd4 10. cxd4 Nf5 11. c3 h5 12. Qd1 Na5 13. Bd3 Ne7 14. Nf3 Nc4 15.
Bc1 Bd7 16. Qb3 Rc8 17. O-O Na5 18. Qb1 O-O 19. Ng5 Nf5 20. Bd2 Nxh4 21. Bh7+
Kh8 22. Bg8 g6 23. Bxf7 Nc4 24. Bc1 Qb6 25. Bxg6 Qxb1 26. Bxb1 Nb6 27. g3 Nf3+
28. Nxf3 Rxf3 29. Bd2 Na4 30. Kg2 Rff8 31. Rh1 Be8 32. Bd3 Rc7 33. Rac1 b5 34.
Be2 Rh7 35. Rh4 Kg7 36. Rch1 Rfh8 37. Bg5 Rf8 38. Bf6+ Kg8 39. Bxh5 Bxh5 40.
Rxh5 Rxh5 41. Rxh5 Nxc3 42. Rh8+ Kf7 43. Rh7+ Kg6 44. Rg7+ Kf5 45. f3 Rxf6 1-0

[Event "Campeonato del Mundo sub-18 Femenino"]
[Site "Kemer TUR"]
[Date "2009.11.20"]
[Round "9.22"]
[White "Laurusaite, Brigita"]
[Black "Walallawita, Lihini Ashwini"]
[Result "1-0"]
[WhiteElo "2057"]
[BlackElo "1797"]
[PlyCount "75"]
[EventDate "2009.11.11"]
[EventType "swiss"]
[EventRounds "11"]
[EventCountry "TUR"]
[Source "lmi"]
[SourceDate "2009.11.11"]

1. e4 c5 2. Nf3 d6 3. Bb5+ Bd7 4. Bxd7+ Qxd7 5. O-O Nc6 6. c4 Nf6 7. Nc3 g6 8.
d4 cxd4 9. Nxd4 Bg7 10. Nde2 O-O 11. f3 Na5 12. b3 a6 13. a4 Rac8 14. Bg5 Rfe8
15. Rb1 Qd8 16. Kh1 h6 17. Be3 Qc7 18. Qd2 Kh7 19. Rfd1 Red8 20. Nf4 e6 21. Qf2
Nd7 22. Nce2 Nc6 23. b4 Ne7 24. Rbc1 b6 25. Nd3 Bf6 26. Qg3 a5 27. Nd4 Bxd4 28.
Bxd4 axb4 29. Nxb4 Ra8 30. Be3 Nc5 31. Nd3 Rxa4 32. Nf2 Ng8 33. Qh3 Qe7 34. Ng4
h5 35. Nf2 f6 36. Qh4 Qg7 37. Ng4 Rb4 38. e5 1-0

[Event "Campeonato del Mundo sub-18 Femenino"]
[Site "Kemer TUR"]
[Date "2009.11.20"]
[Round "9.23"]
[White "Hattingh, Angelique"]
[Black "Barbier, Wiebke"]
[Result "1-0"]
[WhiteElo "1790"]
[BlackElo "1911"]
[PlyCount "55"]
[EventDate "2009.11.11"]
[EventType "swiss"]
[EventRounds "11"]
[EventCountry "TUR"]
[Source "lmi"]
[SourceDate "2009.11.11"]

1. e4 e5 2. Nf3 Nf6 3. d4 exd4 4. e5 Ne4 5. Qxd4 d5 6. exd6 Nxd6 7. Bg5 Nc6 8.
Qc3 Ne4 9. Qe3 Qd5 10. Nbd2 f5 11. Bc4 Qc5 12. Qe2 Nd4 13. Nxd4 Qxd4 14. f3 h6
15. Be3 Qxb2 16. Rb1 Qe5 17. fxe4 f4 18. Bf2 Bd6 19. O-O Rf8 20. Rb5 Qc3 21. e5
Bb4 22. Ne4 Qa3 23. Qh5+ Kd8 24. Rd5+ Ke7 25. c3 Be6 26. cxb4 Bxd5 27. Bxd5 Kd8
28. Bxb7 1-0

[Event "Campeonato del Mundo sub-18 Femenino"]
[Site "Kemer TUR"]
[Date "2009.11.20"]
[Round "9.24"]
[White "Orehek, Spela"]
[Black "De Oliveira, Ana Paula"]
[Result "0-1"]
[WhiteElo "1890"]
[BlackElo "1786"]
[PlyCount "108"]
[EventDate "2009.11.11"]
[EventType "swiss"]
[EventRounds "11"]
[EventCountry "TUR"]
[Source "lmi"]
[SourceDate "2009.11.11"]

1. e4 c5 2. c3 d5 3. exd5 Qxd5 4. d4 e5 5. Nf3 Nc6 6. Be3 cxd4 7. cxd4 Bg4 8.
Be2 exd4 9. O-O O-O-O 10. Qa4 dxe3 11. Qxg4+ f5 12. Qa4 exf2+ 13. Kh1 Bc5 14.
Nc3 Qd6 15. Qb5 Be3 16. Bc4 Qg6 17. Nh4 Qg5 18. Qxf5+ Kb8 19. Qxg5 Bxg5 20. Nf3
Be3 21. Nd5 Bc5 22. Ng5 Ne5 23. Bb3 Rd6 24. Ne4 Rc6 25. Nxc5 Rxc5 26. Rxf2 Nh6
27. h3 Rd8 28. Raf1 Ng6 29. Nc3 Ng8 30. Rf7 N8e7 31. Rxg7 Nf5 32. Ne4 Re5 33.
Rf7 Ne3 34. Nc3 Nxf1 35. Rxf1 Rd2 36. Rf7 Rxb2 37. Rxh7 Rc5 38. Ne4 Re5 39. Nc3
Rg5 40. g4 Re5 41. Ne4 Rxe4 42. Rxb7+ Kxb7 43. Bd5+ Kc7 44. Bxe4 Nf4 45. h4
Rxa2 46. h5 Ra4 47. Bf5 Nxh5 48. gxh5 Rh4+ 49. Kg2 Rxh5 50. Be4 a5 51. Kf3 Kb6
52. Ke3 a4 53. Bb1 a3 54. Kd3 Rh2 0-1

[Event "Campeonato del Mundo sub-18 Femenino"]
[Site "Kemer TUR"]
[Date "2009.11.21"]
[Round "10.1"]
[White "Nakhbayeva, Guliskhan"]
[Black "Savina, Anastasia"]
[Result "1-0"]
[WhiteElo "2201"]
[BlackElo "2401"]
[PlyCount "83"]
[EventDate "2009.11.11"]
[EventType "swiss"]
[EventRounds "11"]
[EventCountry "TUR"]
[Source "lmi"]
[SourceDate "2009.11.11"]

1. d4 Nf6 2. c4 g6 3. g3 Bg7 4. Bg2 d5 5. cxd5 Nxd5 6. e4 Nb6 7. Ne2 O-O 8. O-O
Nc6 9. d5 Na5 10. Nec3 c6 11. a4 cxd5 12. exd5 Bf5 13. Na3 Rc8 14. Nab5 a6 15.
Nd4 Bxd4 16. Qxd4 Nb3 17. Qd1 Nxa1 18. Bh6 Re8 19. Qxa1 Nc4 20. b3 Nd6 21. a5
f6 22. Be3 Qd7 23. Rc1 Nb5 24. Na4 Rxc1+ 25. Qxc1 Nd6 26. Nc5 Qb5 27. Qd2 Rc8
28. Bf1 Qe8 29. Qb4 Rb8 30. g4 Bd7 31. Nxd7 Qxd7 32. Bxa6 Rc8 33. Bf1 Nf7 34.
Bg2 Rc2 35. h3 Ra2 36. Qc3 Qb5 37. b4 Ne5 38. d6 exd6 39. Qb3+ Kg7 40. Qxa2
Qxb4 41. Qd5 Nc6 42. a6 1-0

[Event "Campeonato del Mundo sub-18 Femenino"]
[Site "Kemer TUR"]
[Date "2009.11.21"]
[Round "10.2"]
[White "Girya, Olga"]
[Black "Guramishvili, Sopiko"]
[Result "1-0"]
[WhiteElo "2340"]
[BlackElo "2327"]
[PlyCount "47"]
[EventDate "2009.11.11"]
[EventType "swiss"]
[EventRounds "11"]
[EventCountry "TUR"]
[Source "lmi"]
[SourceDate "2009.11.11"]

1. e4 c5 2. Nc3 a6 3. Nge2 d6 4. g3 Nc6 5. Bg2 g6 6. d4 cxd4 7. Nxd4 Bg7 8.
Nde2 Nf6 9. O-O O-O 10. a4 Rb8 11. Nd5 Nxd5 12. exd5 Ne5 13. Nd4 b5 14. axb5
axb5 15. Nc6 Nxc6 16. dxc6 Rb6 17. Be3 Ra6 18. Qd5 Bxb2 19. Rxa6 Bxa6 20. Qa2
b4 21. Qxa6 Bc3 22. Bb6 Qc8 23. Qxc8 Rxc8 24. c7 1-0

[Event "Campeonato del Mundo sub-18 Femenino"]
[Site "Kemer TUR"]
[Date "2009.11.21"]
[Round "10.3"]
[White "Vojinovic, Jovana"]
[Black "Ozturk, Kubra"]
[Result "1/2-1/2"]
[WhiteElo "2319"]
[BlackElo "2177"]
[PlyCount "70"]
[EventDate "2009.11.11"]
[EventType "swiss"]
[EventRounds "11"]
[EventCountry "TUR"]
[Source "lmi"]
[SourceDate "2009.11.11"]

1. Nf3 d5 2. g3 c5 3. Bg2 Nf6 4. O-O Nc6 5. d3 Bg4 6. c3 e6 7. h3 Bh5 8. Qe1
Be7 9. Nbd2 O-O 10. e4 d4 11. c4 Nd7 12. Qe2 f5 13. exf5 exf5 14. Re1 Kh8 15.
a3 Bd6 16. Qf1 Qf6 17. Nb3 h6 18. Bd2 g5 19. Na5 Nxa5 20. Bxa5 g4 21. hxg4 Bxg4
22. Nh2 Rab8 23. Bd5 Qg5 24. f4 Qg7 25. Nxg4 Qxg4 26. Qf3 Qxf3 27. Bxf3 b6 28.
Bd2 Rf6 29. b4 Rg6 30. Kf2 Nf6 31. Rh1 a6 32. Rac1 Kg7 33. Rh3 a5 34. b5 h5 35.
Rch1 Rh6 1/2-1/2

[Event "Campeonato del Mundo sub-18 Femenino"]
[Site "Kemer TUR"]
[Date "2009.11.21"]
[Round "10.4"]
[White "Tsatsalashvili, Keti"]
[Black "Bhakti Pradip, Kulkarni"]
[Result "1-0"]
[WhiteElo "2288"]
[BlackElo "2263"]
[PlyCount "83"]
[EventDate "2009.11.11"]
[EventType "swiss"]
[EventRounds "11"]
[EventCountry "TUR"]
[Source "lmi"]
[SourceDate "2009.11.11"]

1. d4 Nf6 2. c4 g6 3. Nc3 Bg7 4. e4 d6 5. Nf3 O-O 6. Be2 Na6 7. O-O e5 8. Be3
Qe8 9. dxe5 dxe5 10. Nd2 c6 11. a3 Nd7 12. b4 f5 13. f3 b6 14. Qa4 c5 15. Nd5
Bb7 16. Rad1 Nf6 17. Qb3 Qf7 18. Nb1 Rfc8 19. Nbc3 Bf8 20. Nxf6+ Qxf6 21. b5
Nc7 22. exf5 gxf5 23. Rd7 Rab8 24. Nd5 Nxd5 25. cxd5 Bd6 26. Bc4 Rd8 27. Rxd8+
Rxd8 28. Qc2 Kh8 29. Bc1 f4 30. Bb2 Rg8 31. Re1 Rg5 32. Qe4 Qg7 33. Re2 Bc8 34.
Qxf4 Bh3 35. Qd2 Qf6 36. f4 Rf5 37. Rf2 Bg4 38. Bd3 h6 39. Bxf5 Bxf5 40. fxe5
Bxe5 41. Bxe5 Qxe5 42. Qxh6+ 1-0

[Event "Campeonato del Mundo sub-18 Femenino"]
[Site "Kemer TUR"]
[Date "2009.11.21"]
[Round "10.5"]
[White "Mammadova, Gulnar"]
[Black "Warakomska, Anna"]
[Result "0-1"]
[WhiteElo "2202"]
[BlackElo "2189"]
[PlyCount "86"]
[EventDate "2009.11.11"]
[EventType "swiss"]
[EventRounds "11"]
[EventCountry "TUR"]
[Source "lmi"]
[SourceDate "2009.11.11"]

1. e4 e5 2. Nc3 Nf6 3. g3 Bc5 4. Bg2 Nc6 5. Nge2 d6 6. O-O Be6 7. Na4 Qd7 8.
Nxc5 dxc5 9. d3 Bh3 10. Be3 h5 11. f4 h4 12. f5 hxg3 13. Bxh3 Rxh3 14. Nxg3
O-O-O 15. Bxc5 Rdh8 16. Rf2 R8h4 17. Rg2 Qd8 18. Nf1 Nd4 19. Rg3 Nh5 20. Rxh3
Rxh3 21. Qg4 Rh4 22. Qg2 b6 23. Bxd4 Qxd4+ 24. Kh1 Nf4 25. Qd2 Qxb2 26. Re1 f6
27. Ne3 Qxa2 28. Ng2 Nxg2 29. Qxg2 Qf7 30. c4 Qh5 31. Rf1 Rg4 32. Qf3 Qh4 33.
Qe3 Qg5 34. Qe2 Rf4 35. Rxf4 Qxf4 36. Kg2 Qc1 37. Qa2 Kb7 38. Qb3 a5 39. Kg3
Qe1+ 40. Kg4 Qb4 41. Qa2 a4 42. c5 Qb3 43. Qd2 a3 0-1

[Event "Campeonato del Mundo sub-18 Femenino"]
[Site "Kemer TUR"]
[Date "2009.11.21"]
[Round "10.6"]
[White "Agrest, Inna"]
[Black "Eric, Jovana"]
[Result "1/2-1/2"]
[WhiteElo "2180"]
[BlackElo "2163"]
[PlyCount "112"]
[EventDate "2009.11.11"]
[EventType "swiss"]
[EventRounds "11"]
[EventCountry "TUR"]
[Source "lmi"]
[SourceDate "2009.11.11"]

1. e4 c5 2. Nf3 d6 3. d4 cxd4 4. Nxd4 Nf6 5. Nc3 a6 6. Bg5 e6 7. f4 Nbd7 8. Qf3
Qc7 9. O-O-O h6 10. Bh4 Be7 11. Be2 b5 12. Bxf6 Nxf6 13. e5 Bb7 14. Qg3 dxe5
15. fxe5 Nd7 16. Nxe6 fxe6 17. Bh5+ Kd8 18. Qxg7 Rf8 19. Bg4 Qc6 20. Ne2 Qb6
21. Rd4 Bd5 22. Rhd1 Qc5 23. b4 Qc6 24. Rxd5 exd5 25. Nd4 Qc3 26. Ne6+ Kc8 27.
Qxe7 Qxe5 28. Kb1 a5 29. Qh4 Rf7 30. Nc5 axb4 31. Nxd7 Rxd7 32. Bxd7+ Kxd7 33.
Qxb4 Kc6 34. Re1 Qf6 35. Qe7 Qxe7 36. Rxe7 Rg8 37. Re6+ Kc5 38. Rxh6 Rxg2 39.
Kb2 Kc4 40. h4 Rh2 41. Rh8 d4 42. a3 d3 43. Rc8+ Kd5 44. Rd8+ Kc5 45. Rxd3 Rxh4
46. Rc3+ Kb6 47. Rg3 Ka5 48. Kb3 Rf4 49. Rg8 Rh4 50. Rd8 Kb6 51. Kc3 Ra4 52.
Kb2 Rh4 53. Rd3 Kc5 54. Rb3 Rg4 55. Rc3+ Kb6 56. Rd3 Kc5 1/2-1/2

[Event "Campeonato del Mundo sub-18 Femenino"]
[Site "Kemer TUR"]
[Date "2009.11.21"]
[Round "10.7"]
[White "Pon Namasivayam, Krithikha"]
[Black "Pavlidou, Ekaterini"]
[Result "1-0"]
[WhiteElo "2196"]
[BlackElo "2128"]
[PlyCount "57"]
[EventDate "2009.11.11"]
[EventType "swiss"]
[EventRounds "11"]
[EventCountry "TUR"]
[Source "lmi"]
[SourceDate "2009.11.11"]

1. e4 c5 2. Nf3 Nc6 3. d4 cxd4 4. Nxd4 Nf6 5. Nc3 e5 6. Ndb5 d6 7. Bg5 a6 8.
Na3 b5 9. Bxf6 gxf6 10. Nd5 f5 11. Bxb5 axb5 12. Nxb5 Ra4 13. b4 Rxb4 14. Nbc7+
Kd7 15. O-O Rb7 16. Qh5 Rxc7 17. Qxf7+ Ne7 18. Rfb1 Rc5 19. Nf6+ Kc6 20. Rb8
Bh6 21. Rab1 d5 22. exd5+ Nxd5 23. Nxd5 Rxd5 24. R8b6+ Kc5 25. R1b5+ Kc4 26.
Rxd5 Qxd5 27. Rc6+ Kd4 28. c3+ Ke4 29. f3+ 1-0

[Event "Campeonato del Mundo sub-18 Femenino"]
[Site "Kemer TUR"]
[Date "2009.11.21"]
[Round "10.8"]
[White "Brunello, Marina"]
[Black "Korchagina, Victoria"]
[Result "0-1"]
[WhiteElo "2158"]
[BlackElo "2150"]
[PlyCount "58"]
[EventDate "2009.11.11"]
[EventType "swiss"]
[EventRounds "11"]
[EventCountry "TUR"]
[Source "lmi"]
[SourceDate "2009.11.11"]

1. e4 c5 2. c3 g6 3. d4 cxd4 4. cxd4 d5 5. e5 Bg7 6. Nf3 Nh6 7. Qb3 O-O 8. Nc3
Nc6 9. Bxh6 Bxh6 10. Rd1 Bg4 11. Qxb7 Bxf3 12. gxf3 Rc8 13. Bb5 Rc7 14. Qa6 Nb8
15. Qa4 e6 16. Be2 Qh4 17. Qb3 a6 18. a3 Nc6 19. Qb6 Be3 20. Rd3 Bxf2+ 21. Kf1
Rfc8 22. f4 Qxf4 23. Rf3 Bxd4 24. Rxf4 Bxb6 25. Bxa6 Ra8 26. Be2 Nxe5 27. Kg2
Be3 28. Rb4 d4 29. Nd1 Rc2 0-1

[Event "Campeonato del Mundo sub-18 Femenino"]
[Site "Kemer TUR"]
[Date "2009.11.21"]
[Round "10.9"]
[White "Motycakova, Monika"]
[Black "Repina, Varvara"]
[Result "1-0"]
[WhiteElo "2038"]
[BlackElo "2258"]
[PlyCount "133"]
[EventDate "2009.11.11"]
[EventType "swiss"]
[EventRounds "11"]
[EventCountry "TUR"]
[Source "lmi"]
[SourceDate "2009.11.11"]

1. e4 e5 2. Nf3 Nc6 3. Bb5 g6 4. d4 exd4 5. Bg5 f6 6. Bh4 Bg7 7. Nxd4 Nge7 8.
O-O O-O 9. Nc3 Kh8 10. Re1 a6 11. Bc4 Ne5 12. Bb3 b5 13. a4 c5 14. Nf3 Nxf3+
15. Qxf3 c4 16. e5 Nc6 17. axb5 cxb3 18. bxc6 g5 19. c7 Qxc7 20. exf6 Bh6 21.
Re7 Qc4 22. Qxa8 gxh4 23. cxb3 Qxb3 24. Qe4 Qg8 25. Re1 h3 26. f7 Qg7 27. Qe5
Bb7 28. Re8 Qxe5 29. R1xe5 Bxg2 30. Rh5 Bg7 31. Ne4 Bxe4 32. Rxe4 Rxf7 33. Re8+
Bf8 34. Rxh3 Kg7 35. Ra8 Rf6 36. Ra7 Rd6 37. Kg2 h6 38. Rc3 Kf7 39. Ra8 Bg7 40.
Rf3+ Ke7 41. b3 Rb6 42. Rd3 Be5 43. Ra7 Bd6 44. h3 Rc6 45. Re3+ Kd8 46. Ra8+
Kc7 47. Rg8 Bf4 48. Re4 Bd2 49. Rg7 Bc3 50. Rf7 Bb2 51. Kf3 a5 52. Kg4 Rc5 53.
Rf5 d5 54. Re6 Rc6 55. Rf7+ Kb6 56. Rfe7 Bc1 57. f4 d4 58. Rxc6+ Kxc6 59. Re1
Ba3 60. f5 Kb5 61. Rd1 Bc5 62. Kf4 Kb4 63. Rd3 Ka3 64. Ke4 Kb2 65. f6 Kc2 66.
f7 Kb2 67. Kd5 1-0

[Event "Campeonato del Mundo sub-18 Femenino"]
[Site "Kemer TUR"]
[Date "2009.11.21"]
[Round "10.10"]
[White "Richard, Emma"]
[Black "Semenova, Elena"]
[Result "0-1"]
[WhiteElo "2135"]
[BlackElo "2233"]
[PlyCount "84"]
[EventDate "2009.11.11"]
[EventType "swiss"]
[EventRounds "11"]
[EventCountry "TUR"]
[Source "lmi"]
[SourceDate "2009.11.11"]

1. e4 c5 2. Nf3 Nc6 3. Bb5 e6 4. Bxc6 bxc6 5. d3 Ne7 6. Qe2 d5 7. Nbd2 Ng6 8.
Nf1 Be7 9. Ng3 c4 10. c3 cxd3 11. Qxd3 a5 12. Nh5 O-O 13. Qe3 Ba6 14. h4 dxe4
15. Qxe4 Qd5 16. Ng3 Bd6 17. h5 Ne5 18. Nxe5 Bxe5 19. Qxd5 exd5 20. Be3 Rfe8
21. Nf5 Bd3 22. Nd4 c5 23. Nf3 d4 24. Kd2 Bf5 25. cxd4 cxd4 26. Bg5 Rab8 27. b3
Bd6 28. Nxd4 Bb4+ 29. Kd1 Bc3 30. Nxf5 Bxa1 31. Be3 Rbc8 32. Rh4 Red8+ 33. Ke2
Rc2+ 34. Kf3 Rxa2 35. Rc4 h6 36. Ne7+ Kh7 37. Nc6 Rd5 38. g4 Ra3 39. b4 a4 40.
Rf4 Bf6 41. Rc4 Rb3 42. Rc2 Rb2 0-1

[Event "Campeonato del Mundo sub-18 Femenino"]
[Site "Kemer TUR"]
[Date "2009.11.21"]
[Round "10.11"]
[White "Guadamuro Torrente, Anabel"]
[Black "Havlikova, Kristyna"]
[Result "1-0"]
[WhiteElo "2116"]
[BlackElo "2185"]
[PlyCount "85"]
[EventDate "2009.11.11"]
[EventType "swiss"]
[EventRounds "11"]
[EventCountry "TUR"]
[Source "lmi"]
[SourceDate "2009.11.11"]

1. e4 c5 2. Nf3 e6 3. g3 Nc6 4. Bg2 g6 5. O-O Bg7 6. c3 Nge7 7. Re1 O-O 8. d3
d5 9. e5 h6 10. h4 Nf5 11. Bf4 b5 12. Nbd2 a5 13. Nf1 a4 14. Qd2 a3 15. b3 b4
16. cxb4 Nxb4 17. d4 Ba6 18. dxc5 Nd3 19. Red1 Qc7 20. g4 Nxh4 21. Nxh4 Nxf4
22. Qxf4 g5 23. Qe3 gxh4 24. Re1 Rab8 25. Rac1 Rb4 26. Nh2 f5 27. g5 hxg5 28.
Qxg5 Qd8 29. Qd2 h3 30. f4 Qb8 31. Bf1 Bh6 32. Bxa6 Bxf4 33. Qc3 Kf7 34. Kh1
Rg8 35. c6 Rg2 36. Rc2 Rxc2 37. Qxc2 Bxe5 38. Nf3 Bf4 39. Bd3 Qd6 40. Ng5+ Bxg5
41. c7 Qg3 42. Qe2 Be3 43. c8=Q 1-0

[Event "Campeonato del Mundo sub-18 Femenino"]
[Site "Kemer TUR"]
[Date "2009.11.21"]
[Round "10.12"]
[White "Marshall, Abby"]
[Black "Uuganbayar, Lkhamsuren"]
[Result "1-0"]
[WhiteElo "2176"]
[BlackElo "2136"]
[PlyCount "73"]
[EventDate "2009.11.11"]
[EventType "swiss"]
[EventRounds "11"]
[EventCountry "TUR"]
[Source "lmi"]
[SourceDate "2009.11.11"]

1. e4 e6 2. d3 d5 3. Nd2 Nf6 4. Ngf3 dxe4 5. dxe4 Bc5 6. Bd3 Nc6 7. O-O e5 8.
h3 O-O 9. Nc4 Re8 10. Bg5 Bf8 11. c3 h6 12. Bh4 Qe7 13. Qe2 g6 14. Rad1 Bg7 15.
Bc2 Qf8 16. Rd2 Nh5 17. Rfd1 Nf4 18. Qf1 Be6 19. Bg3 g5 20. Bxf4 gxf4 21. Kh2
Qc5 22. Bb3 a5 23. Na3 Bxb3 24. axb3 Red8 25. Qe2 Rxd2 26. Rxd2 Rd8 27. Rxd8+
Nxd8 28. Nh4 Ne6 29. Nc2 Qb6 30. b4 c5 31. b5 c4 32. Na3 Nc7 33. Nf5 Bf8 34.
Nxc4 Qxb5 35. Qg4+ Kh8 36. Ncd6 Bxd6 37. Nxd6 1-0

[Event "Campeonato del Mundo sub-18 Femenino"]
[Site "Kemer TUR"]
[Date "2009.11.21"]
[Round "10.13"]
[White "Dudas, Eszter"]
[Black "Hannes, Diana"]
[Result "1-0"]
[WhiteElo "2147"]
[BlackElo "2125"]
[PlyCount "37"]
[EventDate "2009.11.11"]
[EventType "swiss"]
[EventRounds "11"]
[EventCountry "TUR"]
[Source "lmi"]
[SourceDate "2009.11.11"]

1. e4 e5 2. Nf3 Nc6 3. Bb5 a6 4. Ba4 Nf6 5. d4 exd4 6. O-O Be7 7. Re1 O-O 8. e5
Nd5 9. c3 Nb6 10. Bc2 dxc3 11. Qd3 g6 12. Nxc3 Nb4 13. Qe2 Nxc2 14. Qxc2 d5 15.
exd6 Bxd6 16. Bh6 Re8 17. Ne4 Bg4 18. Qc3 f6 19. Nxf6+ 1-0

[Event "Campeonato del Mundo sub-18 Femenino"]
[Site "Kemer TUR"]
[Date "2009.11.21"]
[Round "10.14"]
[White "Kulon, Klaudia"]
[Black "Laurusaite, Brigita"]
[Result "1-0"]
[WhiteElo "2233"]
[BlackElo "2057"]
[PlyCount "59"]
[EventDate "2009.11.11"]
[EventType "swiss"]
[EventRounds "11"]
[EventCountry "TUR"]
[Source "lmi"]
[SourceDate "2009.11.11"]

1. c4 c5 2. Nf3 Nf6 3. d4 cxd4 4. Nxd4 g6 5. Nc3 Bg7 6. e4 d6 7. Be2 O-O 8. Nc2
a6 9. Be3 Bd7 10. f3 Bc6 11. O-O Nbd7 12. Qd2 Re8 13. Rfd1 Rb8 14. Nd4 Qc7 15.
Rac1 Nc5 16. b4 Ne6 17. Nd5 Qd8 18. Nxe6 fxe6 19. Bb6 Qc8 20. Nxf6+ Bxf6 21. b5
Bd7 22. a4 Ra8 23. c5 axb5 24. axb5 Qb8 25. cxd6 exd6 26. Bc7 Qa7+ 27. b6 Qa2
28. Qxa2 Rxa2 29. Bc4 Rb2 30. Rxd6 1-0

[Event "Campeonato del Mundo sub-18 Femenino"]
[Site "Kemer TUR"]
[Date "2009.11.21"]
[Round "10.15"]
[White "Mnatsakanyan, Diana"]
[Black "Aliaga Fernandez, Ingrid Yadyra"]
[Result "1-0"]
[WhiteElo "1973"]
[BlackElo "2146"]
[PlyCount "91"]
[EventDate "2009.11.11"]
[EventType "swiss"]
[EventRounds "11"]
[EventCountry "TUR"]
[Source "lmi"]
[SourceDate "2009.11.11"]

1. e4 c5 2. Nf3 e6 3. d4 cxd4 4. Nxd4 a6 5. Bd3 Qc7 6. c4 Nf6 7. O-O d6 8. Nc3
Be7 9. Be3 O-O 10. Rc1 Nbd7 11. f4 Re8 12. Qe1 Ng4 13. h3 Nxe3 14. Qxe3 Bf6 15.
Nf3 Rb8 16. g4 b6 17. g5 Qc5 18. Kf2 Qxe3+ 19. Kxe3 Be7 20. Nd4 Bb7 21. h4 Rbc8
22. f5 Bd8 23. Rg1 Ne5 24. b3 Kh8 25. h5 h6 26. g6 exf5 27. Nxf5 Bg5+ 28. Rxg5
hxg5 29. Nxd6 Red8 30. Nxf7+ Nxf7 31. gxf7 Rd7 32. Rg1 Rxf7 33. Rxg5 Kh7 34.
Rg6 Rf6 35. e5 Rxg6 36. Bxg6+ Kh6 37. Ne4 Rc7 38. Kf4 Bxe4 39. Kxe4 Rd7 40. e6
Re7 41. Kf5 a5 42. a3 Ra7 43. b4 axb4 44. axb4 Rb7 45. Ke5 Kg5 46. c5 1-0

[Event "Campeonato del Mundo sub-18 Femenino"]
[Site "Kemer TUR"]
[Date "2009.11.21"]
[Round "10.16"]
[White "Ziaziulkina, Nastassia"]
[Black "Gvilava, Maya"]
[Result "1-0"]
[WhiteElo "2128"]
[BlackElo "2061"]
[PlyCount "77"]
[EventDate "2009.11.11"]
[EventType "swiss"]
[EventRounds "11"]
[EventCountry "TUR"]
[Source "lmi"]
[SourceDate "2009.11.11"]

1. e4 c5 2. Nf3 Nc6 3. d4 cxd4 4. Nxd4 Nf6 5. Nc3 d6 6. Bg5 Qb6 7. Nb3 e6 8.
Bxf6 gxf6 9. Qd2 Bd7 10. O-O-O O-O-O 11. f4 Be7 12. Be2 a6 13. Kb1 Kb8 14. Rhf1
Rc8 15. Rf3 Na5 16. Qd4 Qxd4 17. Rxd4 Nxb3 18. axb3 Bc6 19. Rf1 h5 20. g3 Rcg8
21. Rd2 h4 22. g4 h3 23. Bf3 Bf8 24. Ne2 f5 25. gxf5 exf5 26. Ng3 fxe4 27. Bxe4
Bxe4 28. Nxe4 Rg2 29. Rff2 Rg1+ 30. Ka2 Rh5 31. b4 Kc7 32. Nf6 Rh6 33. Nd5+ Kd7
34. Ne3 Rh4 35. Rf3 Bh6 36. Nf5 Rxf4 37. Rxd6+ Kc7 38. Rc3+ Kb8 39. Nxh6 1-0

[Event "Campeonato del Mundo sub-18 Femenino"]
[Site "Kemer TUR"]
[Date "2009.11.21"]
[Round "10.17"]
[White "Labedz, Patrycja"]
[Black "Hattingh, Angelique"]
[Result "1/2-1/2"]
[WhiteElo "2115"]
[BlackElo "1790"]
[PlyCount "88"]
[EventDate "2009.11.11"]
[EventType "swiss"]
[EventRounds "11"]
[EventCountry "TUR"]
[Source "lmi"]
[SourceDate "2009.11.11"]

1. d4 d5 2. Nf3 Nf6 3. g3 e6 4. Bg2 Bd6 5. c4 c6 6. O-O O-O 7. Nc3 Nbd7 8. Qc2
e5 9. dxe5 Nxe5 10. cxd5 Nxd5 11. Nxd5 cxd5 12. Ng5 Ng6 13. h4 Be7 14. Rd1 Be6
15. e4 d4 16. Qe2 Qb6 17. Qh5 Bxg5 18. Qxg5 h6 19. Qd2 Rfd8 20. b3 Rd7 21. Kh1
Rad8 22. f4 Bg4 23. Rf1 f5 24. Ba3 Ne7 25. Rac1 Qg6 26. Rfe1 fxe4 27. Rxe4 Nd5
28. Rxd4 Be6 29. Qf2 Nf6 30. Rxd7 Rxd7 31. Re1 Bf5 32. Bb2 Nh5 33. Kh2 b6 34.
Rc1 Rd3 35. Rc3 Nf6 36. Bf3 Rd8 37. Rc7 Rd7 38. Rxd7 Bxd7 39. Qe2 Qf5 40. Bxf6
Qh3+ 41. Kg1 Qxg3+ 42. Qg2 Qxg2+ 43. Kxg2 gxf6 44. Kg3 f5 1/2-1/2